LIBRARY & INFORMATION CENTRE, KCAET, TAVANUR

ONLINE PUBLIC ACCESS CATALOGUE (OPAC)

Foods: Facts and Principles / (Record no. 15604)

MARC details
000 -LEADER
fixed length control field 00441nam a22001697a 4500
003 - CONTROL NUMBER IDENTIFIER
control field OSt
008 - FIXED-LENGTH DATA ELEMENTS--GENERAL INFORMATION
fixed length control field 190520b ||||| |||| 00| 0 eng d
020 ## - INTERNATIONAL STANDARD BOOK NUMBER
ISBN 9788122422153
082 ## - DEWEY DECIMAL CLASSIFICATION NUMBER
Classification number 664.
Item number MAN/FO
100 ## - MAIN ENTRY--AUTHOR NAME
Personal name Manay, Shakuntala N
245 ## - TITLE STATEMENT
Title Foods: Facts and Principles /
250 ## - EDITION STATEMENT
Edition statement 3rd ed.
260 ## - PUBLICATION, DISTRIBUTION, ETC. (IMPRINT)
Place of publication New Delhi ;
Name of publisher New Age International ,
Year of publication 2018.
300 ## - PHYSICAL DESCRIPTION
Number of Pages 490 ;.
700 ## - ADDED ENTRY--PERSONAL NAME
Personal name Shadaksharaswamy, M
942 ## - ADDED ENTRY ELEMENTS (KOHA)
Koha item type Books
Holdings
Withdrawn status Lost status Damaged status Collection code Home library Current library Shelving location Date acquired Cost, normal purchase price Full call number Accession Number Koha item type Source of acquisition
      Non-fiction KAUAET KAUAET General Stacks 20/05/2019 475.00 664. MAN/FO 25846 Books  
      General Books KAUAET KAUAET Scheme 31/03/2021 499.00 664. MAN/FO BB 608 Book Bank scheme for SC students M/S TBS Books Calicut
      General Books KAUAET KAUAET Scheme 31/03/2021 499.00 664. MAN/FO BB 609 Book Bank scheme for SC students M/S TBS Books Calicut
free website counter